| 000 | 00348pam a2200145a 44500 | ||
|---|---|---|---|
| 008 | 230405s2013 xxu||||| |||| 00| 0 eng d | ||
| 041 | _aENG | ||
| 100 | _aSALUNKHE A N | ||
| 245 | _aUSHSHETICHEI NAVI DISHA | ||
| 250 | _a2 Ed. | ||
| 260 |
_aKOLHAPUR _bTEJAS PUB _c2013 |
||
| 300 | _a80p. | ||
| 440 | _aTEJAS BOOK, KOLHAPUR,B-367 | ||
| 906 | _a1938 | ||
| 999 |
_c290816 _d290816 |
||